书目信息 |
| 题名: |
人机工程与产品设计
|
|
| 作者: | 颜声远 , 许彧青 编著 | |
| 分册: | ||
| 出版信息: | 哈尔滨 哈尔滨工程大学出版社 2003.07 |
|
| 页数: | 172页 | |
| 开本: | 26cm | |
| 丛书名: | ||
| 单 册: | ||
| 中图分类: | TB18 | |
| 科图分类: | ||
| 主题词: | 人-机系统--ren-ji xi tong--高等学校--教材 , 工业产品--gong ye chan pin--造型设计--高等学校--教材 | |
| 电子资源: | ||
| ISBN: | 7-81073-479-2 | |
| 000 | 01000nam0 2200253 45 | |
| 001 | 012006922282 | |
| 005 | 20060905164002.70 | |
| 010 | @a7-81073-479-2@dCNY16.00 | |
| 100 | @a20060611d2003 km y0chiy0120 ea | |
| 101 | 0 | @achi |
| 102 | @aCN@b110000 | |
| 105 | @aa a 000yy | |
| 200 | 1 | @a人机工程与产品设计@Aren ji gong cheng yu chan pin she ji@f颜声远, 许彧青编著@Fyan sheng yuan,xu yu qing bian zhu |
| 210 | @a哈尔滨@c哈尔滨工程大学出版社@d2003.07 | |
| 215 | @a172页@c图@d26cm | |
| 320 | @a有书目 (第172页)。 | |
| 330 | @a本书旨在为工业设计专业本科生提供一个人机工程学设计基础,让学生了解人机工程学在产品设计中的具体应用,力图通过设计实例的学习使学生具有将人机工程学理论知识运用于具体设计中的能力。 | |
| 606 | 0 | @a人-机系统@Aren-ji xi tong@x高等学校@j教材 |
| 606 | 0 | @a工业产品@Agong ye chan pin@x造型设计@x高等学校@j教材 |
| 690 | @aTB18@v4 | |
| 701 | 0 | @a颜声远@Ayan sheng yuan@4编著 |
| 701 | 0 | @a许彧青@Axu yu qing@4编著 |
| 801 | 0 | @aCN@bQSSK@c20060905 |
| 905 | @a10447@dTB18@eY108 | |
| 人机工程与产品设计/颜声远, 许彧青编著.-哈尔滨:哈尔滨工程大学出版社,2003.07 |
| 172页:图;26cm |
| ISBN 7-81073-479-2:CNY16.00 |
| 本书旨在为工业设计专业本科生提供一个人机工程学设计基础,让学生了解人机工程学在产品设计中的具体应用,力图通过设计实例的学习使学生具有将人机工程学理论知识运用于具体设计中的能力。 |
| ● |
| 相关链接 |
|
|
|
正题名:人机工程与产品设计
索取号:TB18/Y108
 
预约/预借
| 序号 | 登录号 | 条形码 | 馆藏地/架位号 | 状态 | 备注 |
| 1 | 583639 | 205836390 | 自科库501/501自科库 4排4列2层/ [索取号:TB18/Y108] | 在馆 | |
| 2 | 583640 | 205836407 | 自科库501/501自科库 4排4列2层/ [索取号:TB18/Y108] | 在馆 | |
| 3 | 583641 | 205836416 | 自科库501/501自科库 4排4列2层/ [索取号:TB18/Y108] | 在馆 |